000 00368nam a2200145Ia 4500
008 230312s9999||||xx |||||||||||||| ||und||
020 _a978-93-325-4209
082 _a620.001
_bBAN-M
100 _aBansal,Raj
245 0 _aMatLab and its Applications in Engineering
260 _bPearson
_aIndia
_c2016
300 _a638
650 _aComputer
_vComputer
942 _cBK
999 _c15753
_d15753